|
|
|
|
| LEADER |
00582nam a22001457a 4500 |
| 005 |
20151028162650.0 |
| 008 |
130412t xxu||||| |||| 00| 0 eng d |
| 082 |
|
|
|a 551.5
|b P 13
|
| 100 |
|
|
|a Indian Meteorological Society (Cochin Chapter)
|
| 110 |
|
|
|a Department of atmospheric science
|9 33015
|
| 245 |
|
|
|a Proceedings of tropmet 2000.
|b :national symposium on tropical meterology
|
| 260 |
|
|
|a Cochin
|b Indian meterological society
|c 2000
|
| 942 |
|
|
|c BK
|6 _
|
| 999 |
|
|
|c 83600
|d 83600
|
| 952 |
|
|
|0 0
|1 0
|2 ddc
|4 0
|6 5515_P13
|7 0
|9 103089
|a SOS
|b SOS
|c GEN
|d 2013-04-12
|o 551.5 P13
|p MS015656
|r 2013-06-14
|w 2013-04-12
|y REF
|